000 00465cam a22001697a 4500
008 180718b2003 xxu||||| |||| 00| 0 eng d
020 _a8170337550
082 _aB73x54 V989
100 _aVyasulu, Vinod
245 _aPanchayats, democracy and development
_cby Vinod Vyasulu
260 _aJaipur
_bRawat
_c2003
300 _a195p.
650 _a(Written off)
650 _aDemocracy - India
650 _aRural development - India
650 _aPanchayat - India
999 _c401474
_d401474